Statistics for NBA All-Stars By Letter - N

Click here to take the quiz!

General Stats

  • This quiz has been taken 415 times
  • The average score is 4 of 9

Answer Stats

PlayersSelectionsLastTeams% Correct
Dirk Nowitzki142019Mavericks
97%
Steve Nash82012Mavericks-Suns
94%
Joakim Noah22014Bulls
83%
Jameer Nelson12009Magic
55%
Larry Nance31993Suns-Cavaliers
47%
Norm Nixon21985Lakers-Clippers
23%
Calvin Natt11985Nuggets
7%
Willie Naulls41962Knicks
7%
Chuck Noble11960Pistons
3%

Score Distribution

Percentile by Number Answered

Percent of People with Each Score

Your Score History

You have not taken this quiz